[Event "Ratingen - Lasker Köln 2"]
[Site "?"]
[Date "2023.11.12"]
[Round "3.4"]
[White "Gatterer, Matthias"]
[Black "Diesner, Michael"]
[Result "1/2-1/2"]
[WhiteElo "2012"]
[BlackElo "2008"]
[PlyCount "39"]
[EventDate "2023.??.??"]
[SourceVersionDate "2020.03.16"]

1. d4 Nf6 2. Nf3 c5 3. dxc5 Na6 4. c4 Nxc5 5. Nc3 g6 6. g3 Bg7 7. Bg2 O-O 8. O-O d6 9. Nd4 Qb6 10. b3 Bd7 11. Rb1 Rfc8 12. h3 Nce4 13. Nxe4 Nxe4 14. Bb2 f5 15. e3 a5 16. Ne2 Bc6 17. Bxg7 Kxg7 18. Qd3 Qb4 19. Nd4 Nc5 20. Nxc6 1/2-1/2

[Event "Ratingen - Lasker Köln 2"]
[Site "?"]
[Date "2023.11.12"]
[Round "3.5"]
[White "Senay, Baris"]
[Black "Migdal, Benedikt"]
[Result "1-0"]
[WhiteElo "1990"]
[BlackElo "2075"]
[PlyCount "71"]
[EventDate "2023.??.??"]
[SourceVersionDate "2020.03.16"]

1. Nf3 d5 2. c4 c6 3. e3 Nf6 4. Nc3 g6 5. d4 Bg7 6. cxd5 cxd5 7. Bb5+ Bd7 8. Qb3 O-O 9. Bxd7 Qxd7 10. Ne5 Qc7 11. Nxd5 Nxd5 12. Qxd5 Nc6 13. Nxc6 bxc6 14. Qc5 Rfd8 15. Bd2 Rd5 16. Qc4 e5 17. dxe5 Rad8 18. Bc3 Bxe5 19. Bxe5 Qxe5 20. O-O Qxb2 21. Rac1 Rd2 22. a4 R8d6 23. Rb1 Qa2 24. Rb8+ Kg7 25. Qc3+ Rf6 26. Qc5 Rfd6 27. Qe5+ Kh6 28. Rb4 g5 29. h4 f6 30. hxg5+ fxg5 31. Rb7 Rd7 32. Qf6+ Kh5 33. g4+ Kxg4 34. Rxd7 Rxd7 35. Kg2 Rf7 36. Qxc6 1-0

[Event "Ratingen - Lasker Köln 2"]
[Site "?"]
[Date "2023.11.12"]
[Round "3.6"]
[White "Hoeche, Alexander"]
[Black "Wolters, Michael"]
[Result "0-1"]
[WhiteElo "1890"]
[BlackElo "1888"]
[PlyCount "70"]
[EventDate "2023.??.??"]
[SourceVersionDate "2020.03.16"]

1. d4 Nf6 2. c4 e6 3. g3 d5 4. Bg2 Be7 5. Nf3 O-O 6. O-O dxc4 7. Ne5 Nc6 8. Nxc6 bxc6 9. Bxc6 Rb8 10. e3 Qd6 11. Bg2 c5 12. dxc5 Qxc5 13. Qc2 Nd5 14. a3 Ba6 15. Rd1 Rfd8 16. Bd2 Bf6 17. Nc3 Nxc3 18. Bxc3 Bxc3 19. Qxc3 h6 20. Rd2 Rxd2 21. Qxd2 Qe5 22. Rc1 Rxb2 23. Qd8+ Kh7 24. Qa8 Qc5 25. Be4+ g6 26. Qe8 Kg7 27. Qa4 Bb5 28. Qa5 Qe5 29. Bc2 Qf6 30. Qxa7 Bc6 31. e4 Rxc2 32. Rxc2 Qa1+ 33. Kg2 Bxe4+ 34. Kh3 Qf1+ 35. Kg4 Qd1+ 0-1

[Event "Ratingen - Lasker Köln 2"]
[Site "?"]
[Date "2023.11.12"]
[Round "3.7"]
[White "Kuehn, Matthias"]
[Black "Katz, Rafael"]
[Result "1-0"]
[WhiteElo "1916"]
[BlackElo "2023"]
[PlyCount "95"]
[EventDate "2023.??.??"]
[SourceVersionDate "2020.03.16"]

1. e4 c6 2. Nc3 d5 3. g3 d4 4. Nce2 e5 5. d3 Bd6 6. Bg2 Nf6 7. h3 c5 8. f4 Nc6 9. Nf3 Qc7 10. O-O h6 11. a3 a5 12. Rf2 Be6 13. f5 Bd7 14. g4 a4 15. Ng3 b5 16. g5 hxg5 17. Bxg5 Qb6 18. Nd2 Na5 19. h4 c4 20. h5 c3 21. h6 Rxh6 22. Bxh6 gxh6 23. Ndf1 cxb2 24. Ra2 Rc8 25. Bf3 Rc3 26. Qb1 Qc5 27. Qxb2 Rxa3 28. Nh5 Ke7 29. Rg2 Qc3 30. Nxf6 Kxf6 31. Qc1 Bf8 32. Rxa3 Qxa3 33. Qe1 Ke7 34. Qxa5 Qc3 35. Qa8 Qc6 36. Qb8 Qd6 37. Qa7 a3 38. Rg8 Kf6 39. Qa5 Be8 40. Ng3 Ke7 41. f6+ Kxf6 42. Nf5 Qc5 43. Qa6+ Bc6 44. Rxf8 Qxf8 45. Qxc6+ Kg5 46. Qxb5 Kf4 47. Kf2 Qc8 48. Qb1 1-0

[Event "Ratingen - Lasker Köln 2"]
[Site "?"]
[Date "2023.11.12"]
[Round "3.8"]
[White "Krueger, Norbert"]
[Black "Vieira, Daniel"]
[Result "0-1"]
[WhiteElo "1986"]
[BlackElo "1773"]
[PlyCount "70"]
[EventDate "2023.??.??"]
[SourceVersionDate "2020.03.16"]

1. e4 e6 2. d4 d5 3. Bd3 Nc6 4. Nf3 Nb4 5. Nc3 Nxd3+ 6. Qxd3 dxe4 7. Nxe4 Nf6 8. O-O Bd7 9. Ne5 Be7 10. c4 O-O 11. Be3 Nxe4 12. Qxe4 b5 13. b3 Bf6 14. c5 Bxe5 15. dxe5 Qe8 16. Qb7 Qc8 17. Qe4 Qa6 18. Qg4 f5 19. exf6 Rxf6 20. Bd4 Rg6 21. Qe2 Qb7 22. f3 Bc6 23. b4 Rf8 24. Kh1 Bd5 25. Qe3 Rf5 26. Rf2 c6 27. Re2 Qf7 28. Rf2 Rh6 29. Kg1 Rfh5 30. h3 Rf5 31. Be5 Qg6 32. f4 Rfh5 33. Kh2 Rh4 34. a4 Rg4 35. Qe2 Rg3 0-1

[Event "Leverkusen - Düsseldorf Süd"]
[Site "?"]
[Date "2023.12.03"]
[Round "4.1"]
[White "Gula, Julian"]
[Black "Esser, Michael"]
[Result "1/2-1/2"]
[WhiteElo "2145"]
[BlackElo "2033"]
[PlyCount "114"]
[EventDate "2023.??.??"]
[SourceVersionDate "2020.03.16"]

1. e4 Nf6 2. e5 Nd5 3. Nc3 e6 4. Ne4 d6 5. d4 dxe5 6. dxe5 Nc6 7. Nf3 Be7 8. c3 a6 9. a4 O-O 10. Bd3 f6 11. exf6 gxf6 12. O-O Kh8 13. Re1 Qe8 14. Ng3 Qf7 15. a5 Bd6 16. Ra4 Nde7 17. Rh4 Ng6 18. Rh6 Rg8 19. Nh4 Nf8 20. Ne4 Be7 21. f4 Bd7 22. Kh1 Rd8 23. Qe2 Nxa5 24. b4 Nc6 25. g4 f5 26. gxf5 exf5 27. Bc4 Be6 28. Rxe6 Nxe6 29. Ng5 Bxg5 30. fxg5 Rge8 31. Bxe6 Rxe6 32. Qxe6 Qxe6 33. Rxe6 Rd1+ 34. Kg2 Rxc1 35. Nxf5 Rc2+ 36. Kg1 Kg8 37. Nh6+ Kg7 38. Nf5+ Kg8 39. Nh6+ Kg7 40. Re3 Kg6 41. h4 Kh5 42. Nf5 Kg4 43. Ne7 Kxh4 44. Nxc6 bxc6 45. Re7 Rxc3 46. Rxh7+ Kxg5 47. Rxc7 Rc4 48. Kf2 Kf4 49. Ke2 Ke4 50. Kd2 Kd5 51. Rd7+ Ke6 52. Rb7 Kd6 53. Kd3 Rh4 54. Kc3 Rh3+ 55. Kb2 Rh8 56. Ra7 Rb8 57. Kc3 Rh8 1/2-1/2

[Event "Leverkusen - Düsseldorf Süd"]
[Site "?"]
[Date "2023.12.03"]
[Round "4.2"]
[White "Baer, Marco"]
[Black "Tagsold, Christian"]
[Result "0-1"]
[WhiteElo "2037"]
[BlackElo "2138"]
[PlyCount "58"]
[EventDate "2023.??.??"]
[SourceVersionDate "2020.03.16"]

1. e4 Nf6 2. Nc3 d5 3. e5 Nfd7 4. e6 fxe6 5. d4 c5 6. Nf3 Nc6 7. Bb5 g6 8. dxc5 Bg7 9. Be3 Qa5 10. Bxc6 bxc6 11. O-O Rb8 12. Nd4 Rxb2 13. Nce2 Rb7 14. c3 Nxc5 15. Nxc6 Qc7 16. Nb4 a5 17. Nd3 Ne4 18. f3 Nd6 19. Bd4 O-O 20. Nc5 Rb5 21. Nd3 Nc4 22. a4 Rb8 23. Bf2 e5 24. f4 exf4 25. Ndxf4 e6 26. g3 Qd7 27. Nd3 e5 28. Nc5 Qc6 29. Nb3 Bh3 0-1

[Event "Leverkusen - Düsseldorf Süd"]
[Site "?"]
[Date "2023.12.03"]
[Round "4.4"]
[White "Boehm, Stefan"]
[Black "Hoffmann, Andre"]
[Result "1/2-1/2"]
[WhiteElo "2017"]
[BlackElo "2028"]
[PlyCount "58"]
[EventDate "2023.??.??"]
[SourceVersionDate "2020.03.16"]

1. d4 d5 2. c4 e6 3. Nc3 Nf6 4. cxd5 exd5 5. Bg5 c6 6. e3 h6 7. Bh4 Be7 8. Bd3 O-O 9. Nge2 Re8 10. Qc2 Nbd7 11. O-O a5 12. a4 Nh5 13. Bxe7 Qxe7 14. Rae1 Ndf6 15. Bf5 g6 16. Bxc8 Raxc8 17. Nc1 Ng7 18. Nd3 Nf5 19. Qb3 Nd6 20. Qc2 Nd7 21. b3 Kg7 22. Qd2 h5 23. Rd1 h4 24. Rfe1 h3 25. g3 g5 26. Qe2 f5 27. f4 g4 28. Nf2 Nf6 29. Nd3 Nde4 1/2-1/2

[Event "Leverkusen  - Düsseldorf Süd"]
[Site "?"]
[Date "2023.12.03"]
[Round "4.5"]
[White "Reinartz, Achim"]
[Black "Lessing, Sebastian"]
[Result "0-1"]
[WhiteElo "1944"]
[BlackElo "1822"]
[PlyCount "168"]
[EventDate "2023.??.??"]
[SourceVersionDate "2020.03.16"]

1. d4 d5 2. Nf3 c5 3. c3 e6 4. Bf4 Nc6 5. e3 Nf6 6. Nbd2 Be7 7. dxc5 Bxc5 8. Bd3 O-O 9. O-O Re8 10. Bg5 e5 11. e4 d4 12. Nb3 Bb6 13. h3 dxc3 14. bxc3 Qe7 15. Qe2 Bd7 16. Rab1 Nd8 17. Bb5 Bc6 18. Nbd2 Ne6 19. Bxc6 bxc6 20. Nc4 Nxg5 21. Nxg5 Nd7 22. Nf3 Qc5 23. Rfd1 Red8 24. Rd2 f6 25. a4 Nf8 26. Rbd1 Ne6 27. g3 Rxd2 28. Rxd2 Rd8 29. Rxd8+ Bxd8 30. Nfd2 Qe7 31. Nb3 Qd7 32. h4 Kf8 33. Kg2 g6 34. Ne3 Bb6 35. Ng4 Bd8 36. Qc4 h5 37. Nh2 Bc7 38. Nf3 Kg7 39. Nc5 Nxc5 40. Qxc5 Bb6 41. Qb4 c5 42. Qc4 Qe7 43. Qb5 f5 44. Qc6 Ba5 45. c4 Bc3 46. Ng5 Bd4 47. Ne6+ Kf7 48. Ng5+ Kg7 49. Qd5 fxe4 50. Qxe4 Bc3 51. f4 Bd4 52. f5 a5 53. fxg6 Qd7 54. g4 hxg4 55. Kg3 Bc3 56. h5 Qd1 57. h6+ Kxh6 58. Nf7+ Kg7 59. Nxe5 Qg1+ 60. Kf4 Qh2+ 61. Kxg4 Qxe5 62. Qb7+ Kxg6 63. Qc6+ Kf7 64. Qd7+ Kf8 65. Qc8+ Ke7 66. Qb7+ Kf6 67. Kf3 Qf5+ 68. Ke2 Qg4+ 69. Kd3 Qd4+ 70. Ke2 Qxc4+ 71. Kf3 Qd3+ 72. Kg2 Qe2+ 73. Kh3 Qh5+ 74. Kg2 Qg4+ 75. Kf1 Qc4+ 76. Kg2 Kf5 77. Qd7+ Kf4 78. Qd6+ Ke3 79. Qh6+ Ke2 80. Qh5+ Kd2 81. Qh6+ Kc2 82. Qg6+ Kb2 83. Qc6 Qb4 84. Qe8 c4 0-1

[Event "Leverkusen - Düsseldorf Süd"]
[Site "?"]
[Date "2023.12.03"]
[Round "4.6"]
[White "Mazaheri Tehrani, Mehrdad"]
[Black "Hamm, Norbert"]
[Result "1/2-1/2"]
[WhiteElo "1906"]
[BlackElo "1927"]
[PlyCount "86"]
[EventDate "2023.??.??"]
[SourceVersionDate "2020.03.16"]

1. d4 Nf6 2. Bf4 e6 3. Nf3 c5 4. c3 Nc6 5. Nbd2 d5 6. e3 Bd6 7. Bg3 O-O 8. Bd3 Re8 9. Ne5 Qc7 10. f4 g6 11. O-O Nd7 12. Rf2 Nf8 13. h4 f6 14. Ng4 Kg7 15. h5 gxh5 16. Nh2 Qf7 17. Be2 Ne7 18. Bxh5 Nfg6 19. e4 cxd4 20. cxd4 dxe4 21. Nxe4 Nf5 22. Nxd6 Nxd6 23. Rc2 Bd7 24. Bf3 Rac8 25. Rac1 Rxc2 26. Rxc2 Rc8 27. Rxc8 Bxc8 28. Nf1 Nf5 29. Bh2 b6 30. Qa4 Qd7 31. Qxd7+ Bxd7 32. d5 exd5 33. Bxd5 Nge7 34. Bc4 Nd4 35. a3 Be6 36. Ne3 Kf7 37. Bd3 Nef5 38. Nc4 h5 39. Kf2 Ke7 40. Bg1 Bd5 41. Ne3 Be6 42. g3 Nxe3 43. Kxe3 Nf5+ 1/2-1/2

[Event "Leverkusen - Düsseldorf Süd"]
[Site "?"]
[Date "2023.12.03"]
[Round "4.7"]
[White "Heinzel, Thomas"]
[Black "Esser, Julian"]
[Result "1/2-1/2"]
[WhiteElo "1747"]
[BlackElo "1724"]
[PlyCount "59"]
[EventDate "2023.??.??"]
[SourceVersionDate "2020.03.16"]

1. d4 d5 2. c4 e6 3. g3 Nf6 4. Nf3 Be7 5. Bg2 O-O 6. O-O c6 7. Nbd2 Nbd7 8. Qc2 b6 9. e4 dxe4 10. Nxe4 Bb7 11. Ne5 Nxe5 12. dxe5 Nxe4 13. Bxe4 g6 14. Bh6 Re8 15. Rad1 Qc7 16. Bf4 c5 17. Rd2 Red8 18. Rfd1 Rxd2 19. Rxd2 Rd8 20. Rxd8+ Bxd8 21. Qd3 Be7 22. Qf3 Bxe4 23. Qxe4 Qd8 24. h4 h5 25. Qb7 g5 26. hxg5 Bxg5 27. Qf3 Bxf4 28. Qxf4 Qd1+ 29. Kg2 Qg4 30. Qf3 1/2-1/2

[Event "Leverkusen - Düsseldorf Süd"]
[Site "?"]
[Date "2023.12.03"]
[Round "4.8"]
[White "Henseler, Klaus"]
[Black "Schmitz, Fabian"]
[Result "1/2-1/2"]
[WhiteElo "1899"]
[BlackElo "1703"]
[PlyCount "94"]
[EventDate "2023.??.??"]
[SourceVersionDate "2020.03.16"]

1. c4 e6 2. d4 d5 3. Nf3 dxc4 4. Qa4+ Nc6 5. Qxc4 Nf6 6. Bg5 Be7 7. e3 O-O 8. Be2 Nd5 9. Bxe7 Qxe7 10. O-O Nb6 11. Qc3 Nd5 12. Qb3 Rd8 13. Nc3 b6 14. Rac1 Bb7 15. a3 a6 16. Rfd1 Rac8 17. Qc2 Na7 18. Na4 Nb5 19. Ne5 Qg5 20. Nf3 Qe7 21. Bd3 h6 22. Qe2 Nd6 23. Ne5 Qg5 24. Nf3 Qe7 25. b4 Qd7 26. Nb2 Nb5 27. Ne5 Qe8 28. Bxb5 axb5 29. g3 f6 30. Ned3 Qd7 31. e4 Ne7 32. Ne1 f5 33. f3 Ra8 34. Nc2 Nc8 35. Nd3 fxe4 36. fxe4 Nd6 37. Nf2 Nc4 38. Rd3 Rf8 39. Re1 Rf7 40. Rf3 Rxf3 41. Qxf3 Rf8 42. Qe2 Qf7 43. Ng4 Qf3 44. Ne5 Nxe5 45. dxe5 Qxe2 46. Rxe2 Rf3 47. Nd4 Rxa3 1/2-1/2

[Event "Rheinhausen - Kamp Lintfort"]
[Site "?"]
[Date "2023.12.03"]
[Round "4.1"]
[White "Schneider, Christoph"]
[Black "Nabuurs, Mart"]
[Result "0-1"]
[WhiteElo "2030"]
[BlackElo "2269"]
[PlyCount "48"]
[EventDate "2023.??.??"]
[SourceVersionDate "2020.03.16"]

1. e4 c5 2. d3 Nc6 3. g3 g6 4. Bg2 Bg7 5. Nc3 d6 6. Be3 e5 7. Qd2 Nge7 8. Bh6 O-O 9. h4 f6 10. Bxg7 Kxg7 11. O-O-O Nd4 12. Nd5 Nxd5 13. exd5 b5 14. c3 Nf5 15. Ne2 Rb8 16. h5 g5 17. f4 b4 18. fxg5 fxg5 19. Rdf1 h6 20. Bh3 bxc3 21. Qxc3 Nd4 22. Nxd4 cxd4 23. Qe1 Bxh3 24. Qe4 Bf5 0-1

[Event "Rheinhausen - Kamp Lintfort"]
[Site "?"]
[Date "2023.12.03"]
[Round "4.2"]
[White "Heinert, Eugen"]
[Black "Hagen, Gunter"]
[Result "1/2-1/2"]
[WhiteElo "2126"]
[BlackElo "2137"]
[PlyCount "57"]
[EventDate "2023.??.??"]
[SourceVersionDate "2020.03.16"]

1. e4 Nf6 2. e5 Nd5 3. d4 d6 4. c4 Nb6 5. f4 dxe5 6. fxe5 Nc6 7. Be3 Bf5 8. Nc3 e6 9. Nf3 Be7 10. Be2 O-O 11. O-O f6 12. exf6 Bxf6 13. Qd2 Qe7 14. Rad1 Rad8 15. Qc1 Rfe8 16. h3 h6 17. Kh1 Bg6 18. Rfe1 Qf8 19. b3 a6 20. Rf1 Qe7 21. Bg1 Kh7 22. Rfe1 Qf7 23. Bf2 Rd7 24. Rd2 Red8 25. Red1 Nc8 26. d5 N6e7 27. dxe6 Qxe6 28. Nd4 Qe5 29. Nf3 1/2-1/2

[Event "Rheinhausen - Kamp Lintfort"]
[Site "?"]
[Date "2023.12.03"]
[Round "4.3"]
[White "Bosser, Heinz-Dieter"]
[Black "Feldhaus, Sebastian"]
[Result "1/2-1/2"]
[WhiteElo "2008"]
[BlackElo "2045"]
[PlyCount "31"]
[EventDate "2023.??.??"]
[SourceVersionDate "2020.03.16"]

1. d4 Nf6 2. Nf3 d5 3. c4 e6 4. Nc3 dxc4 5. e3 a6 6. Bxc4 b5 7. Be2 Bb7 8. O-O Nbd7 9. Nd2 c5 10. dxc5 Bxc5 11. Bf3 Bxf3 12. Nxf3 Qb6 13. Qe2 O-O 14. Bd2 Rfd8 15. Rfd1 Nf8 16. Be1 1/2-1/2

[Event "Rheinhausen - Kamp Lintfort"]
[Site "?"]
[Date "2023.12.03"]
[Round "4.4"]
[White "Heinert, Alex"]
[Black "Peschges, Paul"]
[Result "1/2-1/2"]
[WhiteElo "2085"]
[BlackElo "1826"]
[PlyCount "76"]
[EventDate "2023.??.??"]
[SourceVersionDate "2020.03.16"]

1. d4 d5 2. c4 e6 3. Nf3 Nf6 4. cxd5 exd5 5. Qc2 c6 6. Bf4 Bd6 7. Bg5 h6 8. Bh4 O-O 9. Nc3 Re8 10. e3 Nbd7 11. Bd3 Be7 12. O-O Ne4 13. Bxe4 Bxh4 14. Nxh4 dxe4 15. Nf5 Nf6 16. Ng3 Qe7 17. b4 h5 18. h3 h4 19. Nge2 Qxb4 20. f3 Qc4 21. Rac1 Qd3 22. fxe4 Qxc2 23. Rxc2 Nxe4 24. Rf4 Nxc3 25. Rxc3 g5 26. Rf1 Re7 27. Rc5 f5 28. Rf3 Bd7 29. Nc3 b6 30. Rc4 g4 31. hxg4 fxg4 32. Rf4 Rxe3 33. Ne4 Kg7 34. Nf6 Rf8 35. Nh5+ Kg8 36. Nf6+ Kg7 37. Nh5+ Kg8 38. Nf6+ Kg7 1/2-1/2

[Event "Rheinhausen - Kamp Lintfort"]
[Site "?"]
[Date "2023.12.03"]
[Round "4.5"]
[White "Esser, Jochen"]
[Black "Rohfleisch, Daniel"]
[Result "1/2-1/2"]
[WhiteElo "2008"]
[BlackElo "1933"]
[PlyCount "40"]
[EventDate "2023.??.??"]
[SourceVersionDate "2020.03.16"]

1. e4 e5 2. Nf3 Nf6 3. Nxe5 d6 4. Nd3 Nxe4 5. Nf4 Be7 6. Nc3 Nxc3 7. dxc3 Nd7 8. Be3 Ne5 9. Be2 Bf5 10. Qd2 Qd7 11. Nd5 Bd8 12. Bd4 O-O 13. O-O Re8 14. Ne3 Nc6 15. Nxf5 Qxf5 16. Bd3 Qh5 17. Rfe1 Bg5 18. Rxe8+ Rxe8 19. Re1 Rxe1+ 20. Qxe1 Kf8 1/2-1/2

[Event "Rheinhausen - Kamp Lintfort"]
[Site "?"]
[Date "2023.12.03"]
[Round "4.6"]
[White "Liedmann, Dennis"]
[Black "Schubert, Mario"]
[Result "0-1"]
[WhiteElo "1988"]
[BlackElo "1804"]
[PlyCount "96"]
[EventDate "2023.??.??"]
[SourceVersionDate "2020.03.16"]

1. d4 Nf6 2. Nf3 d5 3. e3 Bg4 4. c4 e6 5. Qb3 Qc8 6. Ne5 Bf5 7. Nc3 c6 8. Be2 Nbd7 9. g4 Nxe5 10. gxf5 dxc4 11. Qd1 Nd3+ 12. Bxd3 cxd3 13. fxe6 Qxe6 14. Qxd3 Bb4 15. f3 Qh3 16. Qe2 Qh4+ 17. Kd1 O-O-O 18. Bd2 Qh5 19. a3 Bd6 20. b4 Rhe8 21. e4 Bc7 22. Qd3 Re7 23. Ne2 Red7 24. Rc1 Kb8 25. Rc5 Qh4 26. Kc2 Ka8 27. h3 Qf2 28. Be1 Rxd4 29. Bxf2 Rxd3 30. Nd4 Rxa3 31. Rf1 Bb6 32. Rc4 Ra2+ 33. Kb3 Rd2 34. Kc3 Ra2 35. Kb3 Rxf2 36. Rxf2 Rxd4 37. Rxd4 Bxd4 38. Rg2 g6 39. b5 c5 40. Re2 Kb8 41. e5 Ne8 42. Kc4 Nc7 43. h4 Kc8 44. h5 Kd7 45. f4 Ke6 46. hxg6 hxg6 47. Rd2 a6 48. b6 Nd5 0-1

[Event "Kleve - Dormagen"]
[Site "?"]
[Date "2023.12.03"]
[Round "4.1"]
[White "Harff, Marcel"]
[Black "Shakhverdian, William"]
[Result "1/2-1/2"]
[WhiteElo "2305"]
[BlackElo "2148"]
[PlyCount "79"]
[EventDate "2023.??.??"]
[SourceVersionDate "2020.03.16"]

1. c4 e6 2. Nc3 d5 3. e3 c5 4. cxd5 exd5 5. Nf3 Nc6 6. d4 Nf6 7. Be2 a6 8. O-O Bd6 9. dxc5 Bxc5 10. b3 O-O 11. Bb2 Ba7 12. Na4 Ne4 13. Rc1 Qd6 14. Nd4 Bd7 15. Nxc6 Bxc6 16. Bd4 Bxa4 17. bxa4 Bxd4 18. Qxd4 Nf6 19. Bf3 Rfc8 20. Rxc8+ Rxc8 21. Rd1 Qc6 22. g4 h6 23. h4 Qc2 24. Bxd5 Nxd5 25. Qxd5 Qxa4 26. Rd4 Qc6 27. Qf5 Qc1+ 28. Kg2 Qc6+ 29. e4 Re8 30. g5 hxg5 31. hxg5 b5 32. Qd5 Qe6 33. Kg3 Kf8 34. f3 Qxd5 35. Rxd5 b4 36. g6 Re6 37. gxf7 Kxf7 38. Rd7+ Re7 39. Rd6 Re6 40. Rd7+ 1/2-1/2

[Event "Kleve - Dormagen"]
[Site "?"]
[Date "2023.12.03"]
[Round "4.2"]
[White "Verfuerth, Kevin"]
[Black "Balduan, Markus"]
[Result "1/2-1/2"]
[WhiteElo "2015"]
[BlackElo "2297"]
[PlyCount "51"]
[EventDate "2023.??.??"]
[SourceVersionDate "2020.03.16"]

1. c4 c5 2. g3 g6 3. Bg2 Bg7 4. Nc3 Nc6 5. e4 e6 6. Nge2 Nge7 7. O-O O-O 8. d3 d6 9. Be3 Nd4 10. Rb1 Nec6 11. a3 a5 12. Nb5 Nxb5 13. cxb5 Nd4 14. Nxd4 cxd4 15. Bd2 e5 16. a4 Be6 17. f4 f6 18. Rc1 Qd7 19. b6 Rfc8 20. Rxc8+ Qxc8 21. b4 axb4 22. Bxb4 Qc6 23. a5 Rc8 24. Qd2 Bh6 25. Ba3 Qa4 26. Qb4 1/2-1/2

[Event "Kleve - Dormagen"]
[Site "?"]
[Date "2023.12.03"]
[Round "4.3"]
[White "Coenen, Michael"]
[Black "Van Kuijk, Vadim"]
[Result "1-0"]
[WhiteElo "2328"]
[BlackElo "2077"]
[PlyCount "123"]
[EventDate "2023.??.??"]
[SourceVersionDate "2020.03.16"]

1. d4 d5 2. Nf3 Nf6 3. c4 c6 4. Nc3 e6 5. Qc2 Nbd7 6. Bg5 dxc4 7. a4 Qa5 8. Bxf6 Nxf6 9. Ne5 Bb4 10. Nxc4 Qd5 11. e3 c5 12. Rd1 O-O 13. f3 b6 14. Kf2 Qh5 15. h4 cxd4 16. Rxd4 e5 17. Rd2 e4 18. g4 Qc5 19. g5 Bxc3 20. Qxc3 Nh5 21. Be2 f5 22. Ne5 Qxc3 23. bxc3 f4 24. Bc4+ Kh8 25. Nf7+ Kg8 26. Nd6+ Kh8 27. Nf7+ Kg8 28. fxe4 Ng3 29. Nd6+ Kh8 30. Rg1 Bb7 31. Nxb7 Nxe4+ 32. Ke2 f3+ 33. Kd3 Nxd2 34. Kxd2 Rab8 35. Ba6 Rf5 36. e4 Rf4 37. Ke3 Rxh4 38. Nd6 g6 39. Kxf3 Rh3+ 40. Rg3 Rf8+ 41. Kg2 Rh4 42. Be2 Kg7 43. Bg4 Rf4 44. Ne8+ Kf7 45. Nf6 h6 46. Bf3 hxg5 47. Nd5 Rxe4 48. Bxe4 Rxe4 49. Rxg5 Rxa4 50. Re5 Ra5 51. Kf3 Rc5 52. Ke4 a5 53. Re7+ Kf8 54. Ra7 g5 55. Kd4 Rc6 56. Rb7 a4 57. c4 Rd6 58. Ra7 Ke8 59. Rxa4 Kd7 60. Ra1 Kc6 61. Ra7 Rh6 62. Ne7+ 1-0

[Event "Kleve - Dormagen"]
[Site "?"]
[Date "2023.12.03"]
[Round "4.4"]
[White "Krebbers, Wilfried"]
[Black "Litwak, Aleksej"]
[Result "1/2-1/2"]
[WhiteElo "2041"]
[BlackElo "2286"]
[PlyCount "81"]
[EventDate "2023.??.??"]
[SourceVersionDate "2020.03.16"]

1. b4 e5 2. Bb2 Bxb4 3. Bxe5 Nf6 4. Nf3 O-O 5. e3 d5 6. Be2 c5 7. O-O Nc6 8. Bb2 Re8 9. d3 Ba5 10. Nbd2 Bc7 11. c4 dxc4 12. Nxc4 b5 13. Ncd2 Bf5 14. a4 bxa4 15. d4 cxd4 16. Nxd4 Nxd4 17. Bxd4 Bb6 18. Rxa4 Bd7 19. Rc4 Bb5 20. Bxb6 Qxb6 21. Rc3 Red8 22. Bxb5 Qxb5 23. Qc2 a5 24. Nb3 a4 25. Nd4 Qa6 26. Rc6 Qa5 27. Ra1 a3 28. Rc3 Nd5 29. Rc5 Qb6 30. Rb5 Qf6 31. Qb3 Nxe3 32. fxe3 Rxd4 33. Rf1 a2 34. Rxf6 gxf6 35. Rb8+ Rxb8 36. Qxb8+ Kg7 37. Qg3+ Kh8 38. Qe1 Rb4 39. Qxb4 a1=Q+ 40. Kf2 Kg7 41. Qg4+ 1/2-1/2

[Event "Kleve - Dormagen"]
[Site "?"]
[Date "2023.12.03"]
[Round "4.5"]
[White "Wimmer, Juergen"]
[Black "Verfuerth, Thomas"]
[Result "1/2-1/2"]
[WhiteElo "2210"]
[BlackElo "1989"]
[PlyCount "95"]
[EventDate "2023.??.??"]
[SourceVersionDate "2020.03.16"]

1. d4 Nf6 2. Nf3 d5 3. g3 g6 4. Bg2 Bg7 5. O-O O-O 6. c4 dxc4 7. Na3 Na6 8. Nxc4 c5 9. b3 Be6 10. Bb2 Bd5 11. Rc1 Rc8 12. dxc5 Nxc5 13. Ne3 Be4 14. Bh3 Ne6 15. Rxc8 Qxc8 16. Ng5 Rd8 17. Qa1 Bc6 18. Nxe6 fxe6 19. Nc4 Bd5 20. Rc1 Qd7 21. Rd1 Qc7 22. Be5 Qc8 23. Ne3 Qc6 24. Rc1 Qa6 25. Qb2 Kf7 26. Nxd5 Rxd5 27. Bg2 Rd7 28. Bf3 Qa5 29. Bc3 Qd8 30. Kg2 b6 31. e3 Ne8 32. h4 Bxc3 33. Rxc3 Rc7 34. h5 Nf6 35. hxg6+ hxg6 36. b4 Rxc3 37. Qxc3 Qd7 38. a3 Kg7 39. g4 g5 40. Qe5 Kg6 41. Qc3 Kf7 42. e4 Kg6 43. e5 Nd5 44. Be4+ Kg7 45. Bxd5 Qxd5+ 46. f3 Qa2+ 47. Kg3 Qe2 48. Qc7 1/2-1/2

[Event "Kleve - Dormagen"]
[Site "?"]
[Date "2023.12.03"]
[Round "4.6"]
[White "Brandt, Thorsten"]
[Black "Juegel, Marcel"]
[Result "1/2-1/2"]
[WhiteElo "1891"]
[BlackElo "2158"]
[PlyCount "147"]
[EventDate "2023.??.??"]
[SourceVersionDate "2020.03.16"]

1. d4 e6 2. Nf3 f5 3. g3 Nf6 4. Bg2 Be7 5. O-O O-O 6. c4 d6 7. b3 Qe8 8. Bb2 Qh5 9. Nc3 Nc6 10. e3 Nd8 11. Nd2 Qh6 12. Qe2 c6 13. f4 e5 14. c5 exd4 15. cxd6 Bxd6 16. exd4 Re8 17. Qd3 Ng4 18. Nf3 Re3 19. Qd2 Re7 20. Rae1 Be6 21. Re2 Nf7 22. Rfe1 Rae8 23. h3 Nf6 24. Ng5 Nh5 25. Rxe6 Rxe6 26. Rxe6 Rxe6 27. Nxe6 Qxe6 28. Qe2 Qxe2 29. Nxe2 g5 30. Bf3 Nf6 31. fxg5 Nxg5 32. Bg2 Nge4 33. g4 fxg4 34. hxg4 Kf7 35. d5 cxd5 36. Bxf6 Kxf6 37. Bf3 Kg5 38. Kg2 Be5 39. Nc1 Nf6 40. Nd3 Bd6 41. Kh3 h6 42. Bd1 b6 43. Be2 Ne4 44. Bf3 a5 45. Bg2 Nc3 46. Bf3 d4 47. a4 Nb1 48. Bd5 Nd2 49. Be6 Bf4 50. Bd5 Nf1 51. Be6 Ne3 52. Bd7 Bd6 53. Be6 Kf6 54. Bg8 Bc7 55. Kh4 Ng2+ 56. Kh3 Ne3 57. Kh4 Bd6 58. Kh3 Kg5 59. Be6 h5 60. gxh5 Kxh5 61. Bg8 Kg5 62. Bh7 Kf6 63. Be4 Ke6 64. Kh4 Nf1 65. Bh7 Kd5 66. Kg4 Nd2 67. Kf5 Bg3 68. Bg8+ Kc6 69. Bf7 Bd6 70. Be8+ Kc7 71. Bf7 Kc6 72. Be8+ Kd5 73. Bf7+ Kc6 74. Be8+ 1/2-1/2

[Event "Kleve - Dormagen"]
[Site "?"]
[Date "2023.12.03"]
[Round "4.7"]
[White "Bouaraba, Max"]
[Black "Auwens, Michel"]
[Result "1-0"]
[WhiteElo "2149"]
[BlackElo "1861"]
[PlyCount "59"]
[EventDate "2023.??.??"]
[SourceVersionDate "2020.03.16"]

1. d4 Nf6 2. Bf4 d6 3. e3 g6 4. c4 c5 5. Nc3 Nbd7 6. d5 Bg7 7. h3 a6 8. a4 O-O 9. Nf3 b6 10. Be2 h6 11. O-O g5 12. Bh2 g4 13. hxg4 Nxg4 14. Bg3 Nge5 15. Nh4 Nf6 16. Bxe5 dxe5 17. Bd3 e6 18. Qf3 exd5 19. cxd5 Re8 20. Bf5 Nh7 21. g3 Ng5 22. Qg4 Bxf5 23. Nxf5 e4 24. Kg2 Qf6 25. d6 Re5 26. Nd5 Qe6 27. Nc7 h5 28. Qxg5 Rxf5 29. Nxe6 Rxg5 30. Nxg5 1-0

[Event "Kleve - Dormagen"]
[Site "?"]
[Date "2023.12.03"]
[Round "4.8"]
[White "Hoenselaar, Dennis"]
[Black "Block, Wolfgang"]
[Result "1/2-1/2"]
[WhiteElo "1768"]
[BlackElo "2093"]
[PlyCount "67"]
[EventDate "2023.??.??"]
[SourceVersionDate "2020.03.16"]

1. c4 Nf6 2. g3 g6 3. Bg2 Bg7 4. Nc3 O-O 5. e4 d6 6. Nge2 e5 7. O-O Be6 8. d3 Qd7 9. Rb1 a5 10. a3 Bh3 11. b4 Bxg2 12. Kxg2 axb4 13. axb4 Nc6 14. f3 Ne8 15. Be3 f5 16. d4 Nf6 17. b5 Nxd4 18. Nxd4 exd4 19. Bxd4 fxe4 20. fxe4 Qe6 21. Qd3 Ra3 22. Bxf6 Bxf6 23. Qd5 Qxd5 24. Nxd5 Ra2+ 25. Kh3 Bd8 26. Rxf8+ Kxf8 27. Rc1 c6 28. bxc6 bxc6 29. Nb4 Re2 30. Nxc6 Bf6 31. c5 dxc5 32. Rxc5 Rxe4 33. Rc2 h5 34. Nb8 1/2-1/2